All Animal Crossing Games - Statistics

General Stats
  • This quiz has been taken 35 times
  • The average score is 6 of 9
Answer Stats
Hint Answer % Correct
2012 Animal Crossing: New Leaf
93%
2020 Animal Crossing: New Horizons
90%
2005 Animal Crossing: Wild World
80%
2001 Animal Crossing
77%
2017 Animal Crossing: Pocket Camp
67%
2008 Animal Crossing: City Folk
60%
2015 Animal Crossing: Happy Home Designer
53%
2015 Animal Crossing: Amiibo Festival
43%
2013 Animal Crossing Plaza
13%
No matching quizzes found
Score Distribution
Percent of People with Each Score
Percentile by Number Answered
Your Score History
You have not taken this quiz